Mobile Homes (Pitch Fees) Act 2023 (Record no. 121482)

MARC details
000 -LEADER
fixed length control field 00701nam a22002057a 4500
008 - FIXED-LENGTH DATA ELEMENTS--GENERAL INFORMATION
fixed length control field 230504s2023 xxk|||||ol|||o00| 0 eng d
041 ## - LANGUAGE CODE
Language code of text/sound track or separate title eng
110 ## - MAIN ENTRY--CORPORATE NAME
Corporate author Parliament
245 ## - TITLE STATEMENT
Title Mobile Homes (Pitch Fees) Act 2023
260 ## - PUBLICATION INFORMATION
Date 2023
520 ## - ABSTRACT
Abstract An Act to amend the provisions about pitch fees in the Mobile Homes Act 1983; and for connected purposes.
650 ## - KEYWORDS
Keywords CARAVAN SITES
650 ## - KEYWORDS
Keywords HOUSING
650 ## - KEYWORDS
Keywords MOBILE HOMES ACT 1983
650 ## - KEYWORDS
Keywords MOBILE HOMES (PITCH FEES) ACT 2023
651 ## - SUBJECT ADDED ENTRY--GEOGRAPHIC NAME
Geographic name United Kingdom
690 ## - BROAD SUBJECT
9 (RLIN) 6215
Broad subject Affordable housing
856 ## - ONLINE RESOURCE
Uniform Resource Identifier <a href="https://www.legislation.gov.uk/ukpga/2023/11/contents/enacted">https://www.legislation.gov.uk/ukpga/2023/11/contents/enacted</a>
Public note Available on legislation.gov.uk
942 ## - ADDED ENTRY ELEMENTS (KOHA)
Suppress in OPAC Do not suppress in OPAC
Holdings
Lost status Damaged status Not for loan Home library Current library Shelving location Date acquired Total Checkouts Full call number Date last seen Price effective from Koha item type
      Virtual Virtual Online 04/05/2023   LEGISLATION 04/05/2023 04/05/2023 Online material